東北地方の鉄道駅なし自治体の役所最寄駅 - Statistics

General Stats
  • This quiz has been taken 3 times
  • The average score is 8 of 51
Answer Stats
都道府県 市区町村 最寄駅 % Correct
青森県 十和田市 七戸十和田
100%
黒川郡 大和町 泉中央
67%
上北郡 六ヶ所村 吹越
33%
下北郡 風間浦村 大湊
33%
下北郡 佐井村 大湊
33%
三戸郡 田子町 目時
33%
三戸郡 新郷村 三戸
33%
岩手県 三戸郡 陸前高田市
33%
九戸郡 九戸村 一戸
33%
宮城県 刈田郡 七ヶ宿町 貝田
33%
柴田郡 村田町 大河原
33%
柴田郡 川崎町 陸前白沢
33%
宮城郡 七ヶ浜町 本塩釜
33%
南秋田郡 五城目町 八郎潟
33%
雄勝郡 羽後町 湯沢
33%
山形県 西村山郡 河北町 さくらんぼ東根
33%
西村山郡 西川町 左沢
33%
西村山郡 朝日町 羽前山辺
33%
最上郡 金山町 真室川
33%
最上郡 大蔵村 羽前前波
33%
東田川郡 三川町 藤島
33%
中津軽郡 西目屋村 弘高下
0%
上北郡 六戸町 向山
0%
下北郡 大間町 谷地頭
0%
下北郡 東通村 金谷沢
0%
三戸郡 五戸町 苫米地
0%
岩手郡 葛巻町 御堂
0%
九戸郡 軽米町 金田一温泉
0%
黒川郡 大郷町 愛宕
0%
黒川郡 大衡村 西古川
0%
加美郡 色麻町 西古川
0%
加美郡 加美町 西古川
0%
本吉郡 南三陸町 柳津
0%
秋田県 鹿角郡 小坂町 十和田南
0%
北秋田郡 上小阿仁村 前田南
0%
山本郡 藤里町 二ツ井
0%
南秋田郡 大潟村 鯉川
0%
雄勝郡 東成瀬村 相野々
0%
福島県 伊達郡 川俣町 松川
0%
安達郡 大玉村 本宮
0%
岩瀬郡 天栄村 鏡石
0%
南会津郡 檜枝岐村 中三依温泉
0%
耶麻郡 北塩原村 会津豊川
0%
大沼郡 昭和村 会津越川
0%
西白河郡 中島村 泉崎
0%
東白川郡 鮫川村 磐城浅川
0%
石川郡 平田村 小野新町
0%
石川郡 古殿町 里白石
0%
双葉郡 川内村 神俣
0%
双葉郡 葛尾村 磐城常葉
0%
相馬郡 飯舘村 日立木
0%
No matching quizzes found
Score Distribution
Percent of People with Each Score
Percentile by Number Answered
Your Score History
You have not taken this quiz